Statistiken für Spielekonsolen - Controller Quiz

Klicken Sie hier um das Quiz zu spielen!

Allgemein

  • Dieses Quiz wurde 795 mal gespielt
    (783 seit der letzten Aktualisierung)
  • Das Durchschnittsergebnis liegt bei 11 aus 15

Antwortstatistiken

Antwort% Korrekt
PlayStation 2
98%
PlayStation 4
94%
Nintendo Switch
91%
PlayStation 3
91%
XBOX 360
90%
Nintendo Wii
89%
XBOX
87%
Nintendo Gameboy
86%
XBOX One
81%
Nintendo 64
77%
Nintendo GameCube
70%
Nintendo NES
60%
Sega Dreamcast
22%
Sega Saturn
13%
Atari Jaguar
6%

Verteilung der Resultate

Perzentil nach korrekt beantworteten Fragen

Anzahl Personen mit jedem Resultat

Ihre Resultats-Entwicklung

Sie haben dieses Quiz seit der letzten Aktualisierung nicht gespielt